Russia in the European Context, 1789–1914: A Member of the Family (Record no. 610748)

MARC details
000 -LEADER
fixed length control field 01415nam a2200181 a 4500
008 - FIXED-LENGTH DATA ELEMENTS--GENERAL INFORMATION
fixed length control field 260206s2026##################000#0#eng##
020 ## - INTERNATIONAL STANDARD BOOK NUMBER
ISBN 9781403968555
Paper back/Hardbound hbk
041 ## - LANGUAGE CODE
Language code of text/sound track or separate title eng
082 04 - DEWEY DECIMAL CLASSIFICATION NUMBER
Classification number 306.09470904
Item number MCC
100 ## - MAIN ENTRY--AUTHOR NAME
Personal name McCaffray S.
245 10 - TITLE STATEMENT
Title Russia in the European Context, 1789–1914: A Member of the Family
Statement of responsibility, etc /S. McCaffray, M. Melancon
260 ## - PUBLICATION, DISTRIBUTION, ETC. (IMPRINT)
Name of publisher Palgrave Macmillan
Year of publication 2005
300 ## - PHYSICAL DESCRIPTION
Number of Pages 238p,;
Dimensions 20 cm.
504 ## - BIBLIOGRAPHY, ETC. NOTE
Bibliography, etc Includes index
520 ## - SUMMARY, ETC.
Summary, etc This volume surveys Nineteenth-century Russian society and economy and finds that Russian institutions, practices and ideas fit the general European pattern for that period of rapid change. Even apparently distinctive Russian features deepen our understanding of 'Europeaness'. In the Nineteenth-century there were still many different ways to be European, and excessive generalization based on the experiences of one or two countries obscures the great diversity that still characterized European civilization. Moreover, these essays bring to light several points at which Russian legislation and thinking provided models and examples for others to follow. The authors focus on key elements of how Russians envisaged and constructed their economy and society. This is an important contribution that increases understanding of Russian history at a time when Russia's relationship with the 'West' is again debated.
942 ## - ADDED ENTRY ELEMENTS (KOHA)
Koha item type Reference
Holdings
Withdrawn status Lost status Damaged status Not for loan Home library Current library Shelving location Date acquired Full call number Accession Number Price effective from Koha item type
        Anna Centenary Library Anna Centenary Library 3RD FLOOR, B WING 06.02.2026 306.09470904 MCC 321768 06.02.2026 Reference

Find us on the map